000 01255nam a2200313 4500
003 CO-CtgCURN
005 20250331184433.0
007 ta
008 160628s2019 000 0 eng d
020 _a978-958-676-731-6
040 _aCO-CtgCURN
_bspa
_ccoctgcurn
082 0 _a344.01
_bR696
100 1 _aRodríguez Garreta, Jaime.
245 1 0 _aDerecho procesal laboral /
_cJaime Rodríguez Garreta.
260 _aBogotá :
_bDoctrina y Ley,
_c2019.
300 _a415 páginas.
336 _2rdacontent
337 _2rdamedia
_asin mediacion
_bn
338 _2rdacarrier
_avolumen
_bnc
520 8 _a"Esta guía técnica lleva al lector por diferentes medios teóricos a lo práctico, siendo este visto desde la oralidad. Su desarrollo trae talleres, casuística, flujogramas y conceptos del derecho laboral desde lo procesal técnico a un re-aprender desde la experiencia práctica."
650 1 4 _aProcedimiento laboral.
650 1 4 _aDerecho procesal laboral
_zColombia.
650 1 4 _aDerecho laboral
_zColombia.
650 1 4 _aProcedimiento laboral
_zColombia.
650 1 4 _aDerecho laboral
_zColombia.
908 _a160627
942 _cBK
_h344.01
_iR696
_2ddc
999 _c19622
_d19622